Historická antropologie vývoj, problémy, úkoly

Bibliographic Details
Main Author: Dülmen, Richard van, 1937-2004 (Author)
Other Authors: Boček, Josef (Translator)
Format: Book
Language:Czech
German
PhysicalDescription:116 s. 21 cm
Published: Praha Dokořán 2002
ISBN:8086569152
Edition:1. vyd. v českém jazyce
Series:Bod (Dokořán)
Subjects:

MARC

LEADER 00000cam a2200000 a 4500
001 vtls008582812
003 SK-MaSNL
005 20260302004348.0
008 240313s2002 xr g 000 0 cze
020 |a 8086569152  |q (brož.)  |c 269.00 
035 |a SAVUKc174881 
040 |a SNK  |b slo  |c SNK  |e AACR2 
041 1 |a cze  |h ger 
044 |a xr  |c CZ 
072 7 |a 572  |x Antropológia  |2 konspekt 
080 |a 572.02:94  |2 2001 
080 |a (048.8)  |2 2001 
100 1 |a Dülmen, Richard van,  |d 1937-2004  |4 aut  |9 644267 
240 1 0 |a Historische Anthropologie  |l Česky 
245 1 0 |a Historická antropologie  |b vývoj, problémy, úkoly  |c Richard van Dülmen ; [z německého originálu přeložil Josef Boček] 
250 |a 1. vyd. v českém jazyce 
260 |a Praha  |b Dokořán  |c 2002 
300 |a 116 s.  |c 21 cm 
490 1 |a Bod 
500 |a Dotl. v r. 2005 
504 |a Obsahuje bibliogr. a bibliografické odkazy 
650 0 7 |a historická antropológia  |2 SNKPH  |9 716 
650 0 7 |a Historical antropology  |2 SNKPHeng  |9 317587 
655 7 |a štúdie  |2 SNKPH  |9 57033 
655 7 |a Studies  |2 SNKPHeng  |9 265573 
700 1 |a Boček, Josef  |4 trl  |9 313082 
830 0 |a Bod (Dokořán)  |9 306963 
919 |a 80-86569-15-2 
999 |c 995613  |d 997543 
952 |t snkDUL 572.02:94  |a SNKUST  |b SNKUST  |y PREZ  |7 0  |p 17A0623692  |o snkIC 137700  |i snk2009/11014  |8 2  |g 5.19  |0 0  |1 0  |4 0  |d 2009-03-09  |l 0  |r 2025-03-19 00:00:00  |w 2026-02-24